banner-ar

مشروع ترميم مسجد عبد القادر الدشطوطى : (Record no. 57034)

MARC details
000 -الفاتح
حقل البيانات ثابتة الطول 00858nam a2200217Ia 4500
008 - عناصر البيانات ثابتة الطول - معلومات عامة
حقل البيانات ثابتة الطول 140319s9999 xx 000 0 ara d
040 ## - مصدر الفهرسة
وكالة الفهرسة الأصلية GCL /
وكالة النسخ GCL
082 04 - رقم تصنيف ديوى العشرى
رقم التصنيف ق
رقم المادة 726.2
-- م م
100 1# - المدخل الرئيسى - إسم شخصى
الإسم الشخصى جاب الله على جاب الله
245 10 - بيان العنوان
العنوان مشروع ترميم مسجد عبد القادر الدشطوطى :
بقية العنوان أثر رقم ((12 ))924هـ - 1518م /
بيان المسئوليه,etc جاب الله على جاب الله
700 1# - المدخل الاضافى - اسم شخصى
الإسم الشخصى المجلس الاعلى للاثار
260 ## - PUBLICATION, DISTRIBUTION, ETC. (IMPRINT)
تاريخ النشر أو التوزيع 2001
300 ## - الوصف المادى
التعداد متعدد ؛
أبعاد الوعاء 30سم
650 04 - المدخل الاضافى بالموضوع-مصطلح موضوعى
مصطلح موضوعي المساجد - مصر
650 04 - المدخل الاضافى بالموضوع-مصطلح موضوعى
مصطلح موضوعي مصر - الاثار الاسلامية
650 04 - المدخل الاضافى بالموضوع-مصطلح موضوعى
مصطلح موضوعي المساجد - ترميم
650 04 - المدخل الاضافى بالموضوع-مصطلح موضوعى
مصطلح موضوعي المساجد - عمارة
650 04 - المدخل الاضافى بالموضوع-مصطلح موضوعى
مصطلح موضوعي مسجد عبد القادر الدشطوطى
942 ## - عناصر المدخل الإضافي( كوها)
مصدر التصنيف او مخطط الترفيف Dewey Decimal Classification
Koha [default] item type كتاب
260 ## - PUBLICATION, DISTRIBUTION, ETC. (IMPRINT)
-- القاهرة :
-- المجلس الاعلى للاثار ،
Holdings
حالة التراجع حالة الفقد حالة تلف ليس للاعارة المكان المؤقت الموقع الحالى تاريخ الاكتساب اجمالي اﻻعارات رقم الطلب الباركود تاريخ اخر مشاهدة تاريخ تفعيل السعر نوع وعاء كوها
        مكتبة القاهرة الكبرى مكتبة القاهرة الكبرى 03/26/2014   ق\726.2\ م م 141853 03/26/2014 03/26/2014 كتاب
        مكتبة القاهرة الكبرى مكتبة القاهرة الكبرى 03/26/2014   ق\726.2\ م م 141854 03/26/2014 03/26/2014 كتاب

Powered By

EGPV